000 nam a22 7a 4500
999 _c7462
_d7462
008 170908b xxu||||| |||| 00| 0 eng d
020 _a9788183072175
100 _akaur Puneet
_93987
245 _aDeutsch und ich
_bMein erstes deutschbuch
260 _aNew Delhi
_bGoyal Publishers
_c2017